000 00369nam a22001577a 4500
003 MPLRDC
005 20220104123547.0
008 210129b ||||| |||| 00| 0 eng d
082 _a427.1 CYJ c.2
100 _a陈友记编著
245 _a粥粉面饭
_c
260 _a
_b香港得利书局
_c1977
300 _b
650 _a食谱
942 _cBK
_o427.1 CYJ c.2
999 _c12382
_d12372